| 000 | 00676nam a22001817a 4500 | ||
|---|---|---|---|
| 005 | 20251108165426.0 | ||
| 008 | 250721s1999 xx 000 0 ara d | ||
| 082 | 1 | 4 | _aم/956/متز |
| 100 | 1 | _aمتز، ادم | |
| 245 | 1 | 0 | _aالحضارة الإسلامية في القرن الرابع الهجري " أو " عصر النهضة في الإسلام / |
| 264 | 1 |
_aالقاهرة : _bدار الفكر العربي، _c1999. |
|
| 300 | _a2ج في مج واحد | ||
| 650 | 1 | 7 | _aالتاريخ الإسلامي |
| 650 | 1 | 7 | _aالحضارة الإسلامية |
| 700 | 1 |
_aأبو ريدة، محمد عبد الهادي _eترجمة |
|
| 942 |
_2ddc _cREF |
||
| 999 |
_c27594 _d27594 |
||